[Event "Candidates Tournament"]
[Site "Kazan"]
[Date "2011.05.05"]
[Round "1.1"]
[White "Kamsky, Gata"]
[Black "Topalov, Veselin"]
[Result "1/2-1/2"]
[WhiteElo "2732"]
[BlackElo "2775"]
[Annotator "Marin,M"]
[PlyCount "82"]
[EventDate "2011.05.05"]
[EventType "k.o."]
[EventRounds "3"]
[EventCountry "RUS"]
[SourceTitle "CBM 143"]
[Source "ChessBase"]
[SourceDate "2011.07.15"]
[SourceVersion "1"]
[SourceVersionDate "2011.07.15"]
[SourceQuality "1"]

1. e4 c5 2. Nf3 d6 3. d4 cxd4 4. Nxd4 Nf6 5. Nc3 a6 6. a4 $5 Nc6 {According to
theory, the most flexible move. Once the b4-square has been weakened, it makes
sense to develop the knight to c6. Depending to the system of development
chosen by White, Black can switch to the scheme he considers best, such as the
Dragon (7...g6), the Scheveningen (7...e6) or the Boleslavsky System (7...e5).}
7. a5 $5 $146 {One of the most interesting aspect of this hard-fought match is
the early stage in which novelties have been delivered. Kamsky was the first
to introduce a new continuation on the seventh move of the present game, but
his record will be beaten by Topalov in the fourth game, with a novelty on the
fifth move!! And just as in the fourth game, this is not the last novelty of
the game, due to transposition. With his last move, White takes over the
control of the b6-square and invites Black to delay his development by taking
the supposedly poisoned pawn.} e6 $5 {An inspired decision, aiming to sidestep
what must have been the main core of Kamsky's analysis with his seconds.} (7...
Nxa5 8. Nd5 Nc6 9. Be3 {offers White a strong initiative, although the final
evaluation of this position will be revealed only after some practice. With
the game move, Black defends the d5-square, threatening ...Nxa5 for real. It
should be mentioned that 7...e6 transposes back to a known (although not very
popular) line, 6...e6 7.a5 Nc6.}) 8. Nxc6 $5 {Another small surprise. It is
considered that in most cases this exchange, strengthening Black's centre, is
a concession. Kamsky probably had a very clear plan in mind, based on concrete
threats.} (8. Nb3 {is likely to transpose to a normal Scheveningen:} Be7 9. Be3
O-O 10. Be2 {As a youngster, Kamsky managed to defeat an experienced
grandmaster, but with the passing of the time his taste may have changed:} Nd7
11. O-O b5 12. axb6 Nxb6 13. Qd2 Bb7 14. Na4 Nd7 15. f3 Qc7 16. c4 {With some
queenside pressure in Kamsky,G (2345)-Ermenkov,E (2500)/Palma de Mallorca 1989/
TD (1-0, 36)}) 8... bxc6 9. Bd3 Be7 10. O-O {Black's position is not as simple
to play as it looks. His main trump, the strong pawn centre, also implies some
concrete problems. Which would be the optimal configuration? Should he leave
the pawns as they are? If not, which of them should be advanced?} c5 $5 $146 {
With this move, the game finally abandons the known paths. The long term plan
after ...c5 is ...Bb7 followed by ...Kf6-d7-b8-c6, taking the b4- and
d4-squares under control. All this requires a lot of time, though.} ({The plan
based on ...d6-d5 was played in a few not too relevant games. The one that
certainly is interesting was played in a strong ladies' event:} 10... O-O 11.
Qe2 d5 12. Bd2 Bb7 13. e5 Nd7 14. Na4 {The plan to neutralise Black's
queenside initiative with c2-c4 is typical, but with the pawn on a5 the
weaknesses along the b-file will tell.} Qc7 15. Rfe1 Rfe8 16. c4 c5 17. Ra3 {
White places her pieces on attacking squares, but Black has defensive
resources.} g6 18. f4 Bf8 19. Bc2 d4 20. Rg3 Bc6 21. h4 Rab8 {Suddenly, there
are concrete queenside problems, while the attack has not really started yet.}
22. b3 Bxa4 23. bxa4 Bg7 24. h5 Rb2 25. Bd3 Nb8 $15 {[%cal Gb8c6] White soon
had to launch herself into a desperate attack, which surpisingly was
successful in Markovic,M-Zatulovskaya,T/Belgrade 1969/EXT 2001 (1-0, 47)}) 11.
Bf4 Qc7 12. Qe2 {[%cal Ge4e5]} Bb7 $5 {Black decides to ignore the threat,
relying on some hidden tactical nuances.} ({The more solid} 12... Nd7 {was
possible, but the planned ...Nb8-c6 is rather time consuming and gives White
the possibility to build up his attack.}) 13. e5 Qc6 14. f3 Nh5 15. Bd2 c4 $1 {
An important intermediate move, leading to an interesting and unbalanced
structure.} 16. Bxc4 dxe5 17. b3 {It is interesting that in the third game
Kamsky also decided to defend his c4-bishop with b2-b3, although in a
completely different position and under less favourable circumstances.} ({
The main alternative was} 17. Bb3 {[%cal Ge2e5,Gb3a4]} Qc7 18. Ba4+ Kf8 {
White has no obvious way of taking advantage of Black's lost right to castle.
The a4-bishop is out of play and there is no pressure against a6. Black
threatens ...Nf4 followed by ...g6 and ...Kg7.} 19. Rfe1 (19. Rae1 Rd8 {
[%csl Ga5]}) 19... Nf4 $1 20. Qxe5 Bd6 21. Qg5 $8 Bxf3 $1 22. Bxf4 Bxf4 23. Qh4
Bb7 $132 {[%csl Gb7,Gf4]}) 17... Rd8 18. Rad1 Qc5+ 19. Kh1 Nf4 {Possibly
underestimating the consequences of White's answer.} (19... O-O {would have
been safer, for instance} 20. Na4 Qc7 21. Bxa6 $2 Bxa6 22. Qxa6 Qxc2 $17 {
and White's position is hanging.}) 20. Na4 $1 Nxe2 {There is no way back.} (
20... Qc7 {[%csl Ge5]} 21. Bxf4 exf4 22. Bxa6 $16) 21. Nxc5 Bxc5 22. Bxe2 Ke7
23. b4 {The most direct continuation, but one that allows Topalov to carry out
his trademark exchange sacrifice.} (23. Bc3 Bd4 24. Be1 {may seem more passive,
but the advance of the queenside pawns would be ensured in the long term.})
23... Rxd2 $1 (23... Bd4 24. b5 axb5 25. Bxb5 $36) 24. Rxd2 Bxb4 25. Rd3 Bd5 {
Black only needs to bring his rook into play in order to get a perfect
position, but White can maintain the initiative for the time being.} 26. Rb1
Bxa5 27. Ra3 Bd2 $1 {[%cal Ga7e3,Ge3a7]} (27... Bc7 $6 28. c4 Ba8 29. Rxa6 Rc8
30. Rba1 Bb7 31. Ra7 Bc6 32. c5 $16) 28. Rxa6 $6 {Missing his chance.} (28. c4
$1 Bc6 29. Rxa6 Rc8 30. Rbb6 {Suddenly the c6-bishop experiences problems of
stability.} Ba8 $8 (30... Kd7 31. Bd1 $1 {[%cal Gb6c6,Gd1a4]}) (30... Kd6 31.
Rb7 $1 {[%cal Gb7f7]}) ({Nor was resistance possible after} 30... Bd7 31. Rb7
Be3 32. g3 {[%csl Gh1][%cal Ge2d1,Gd1a4]}) (30... Bd5 31. g3 Bxc4 32. Bxc4 Rxc4
33. Rb7+ Kf6 34. Raa7 {[%cal Gb7h7]}) 31. Ra7+ Kf6 {[%cal Gd2e3]} 32. Rb3 $1 e4
{Black has finally cleared some space for his bishops and can hope to defend.})
28... Rc8 $1 $15 {Consolidating his d5-bishop.} 29. Ra7+ Kf6 30. Bd3 Be3 31.
Ra4 (31. Rd7 $6 {would lead to an amusing situation after} Bc6 32. Rd6 Bc5 {
, trapping the rook.}) 31... h5 32. Rab4 Rc3 33. h4 g6 34. Kh2 Kg7 35. Ra4 f5
36. Re1 Bc5 37. Re2 (37. Rxe5 $2 Bd6 $1 38. f4 Bxe5 39. fxe5 g5 $17) 37... Kf6
38. Re1 Bf2 39. Re2 Bc5 40. Re1 Bf2 41. Re2 Bc5 1/2-1/2

[Event "Candidates Tournament"]
[Site "Kazan"]
[Date "2011.05.06"]
[Round "1.2"]
[White "Topalov, Veselin"]
[Black "Kamsky, Gata"]
[Result "0-1"]
[WhiteElo "2775"]
[BlackElo "2732"]
[Annotator "Caruana,F"]
[PlyCount "62"]
[EventDate "2011.05.05"]
[EventType "k.o."]
[EventRounds "3"]
[EventCountry "RUS"]
[SourceTitle "CBM 143"]
[Source "ChessBase"]
[SourceDate "2011.07.15"]
[SourceVersion "1"]
[SourceVersionDate "2011.07.15"]
[SourceQuality "1"]

{This match between two great players of vastly contrasting styles was highly
anticipated. And they didn't disappoint!} 1. Nf3 Nf6 2. c4 g6 3. Nc3 d5 {
Just like in their last match played two years ago, Kamsky remains faithful to
the Grünfeld. Topalov quickly steers the game into unconventional lines, where
he has a powerful new idea.} 4. cxd5 Nxd5 5. Qb3 Nb6 6. d4 Bg7 7. Bf4 Be6 8.
Qa3 {White's queen is often the biggest problem in the Qb3 lines of the
Grünfeld. Here it is completely sidelined and in danger of getting trapped in
some variations. On the other hand, if Black isn't able to take advantage of
this factor, then he will simply have a strategically inferior position due to
the strength of White's center. In this game it's clear White didn't justify
the position of his queen on a3: it didn't move for the rest of the game....}
Nc6 {The knight is aiming for the great b4-square after ...a5. Of course,
Black must play as concretely as possible at this stage, and cannot afford
luxuries such as castling.} ({For example, after} 8... O-O 9. e3 (9. e4 {
also deserves attention.}) 9... Nc6 10. Be2 a5 11. O-O Nb4 {White is in time
to play} 12. Rfc1 {, defending against ...Nc2, after which he will slowly
unravel and begin exploiting his strong center.}) 9. O-O-O $1 $146 {A novelty,
and a very interesting one! On the one hand, White is playing for complete
central domination with e4 and d5, but on the other, if he doesn't manage then
his king could end up very exposed on the queenside. The play quickly becomes
sharp and unusual, and the game could steer one way or the other as a result
of mistakes on either side.} ({Previously the obvious} 9. e3 {had been played.
As a matter of fact, Gata himself defended the Black pieces twice here!} a5 10.
Be2 (10. Bb5 O-O 11. Bxc6 bxc6 12. Qc5 Nd5 13. Be5 Nxc3 14. Qxc3 Bd5 15. Bxg7
Kxg7 {and Black compensated his bad pawn structure with active piece play in
Eljanov-Kamsky, Ohrid 2009.}) 10... Nb4 11. O-O {and here Ivanchuk-Kamsky,
Jermuk 2009 continued 11...c6, but Black could have ventured} Nc2 12. Qc5 Nxa1
13. Nb5 (13. Bxc7 Nd7 14. Bb5 Kf8 $1 {is a nice variation which ends with an
extra exchange for Black.}) 13... Nd5 14. Bxc7 Qd7 {, with chaotic play where
it's at first sight difficult to understand who is playing for what - but my
computer assures me that Black is doing very well here! I imagine all these
variations were checked deeply by both players and their seconds before the
match, and they came to the conclusion that Black is well off.}) 9... Nd5 {
Not what Black wants, but there was no other defence to the threat of d5.} (
9... a5 $4 10. d5 Nxd5 11. Nxd5 Bxd5 12. e4 {simply wins a piece.}) 10. Bg3
Bh6+ $5 {Although it's probably not enough to equalize, I'm nevertheless
impressed by this unconventional solution to Black's problems. It seems very
strange to "provoke" a natural move like e3, but Gata saw that if he could
prevent White from playing e4 and maintain central stability, then he would
have enough counterplay against White's king. Not only a great concept, it
also seemed to take Topalov out of his preparation, and as we will see he
immediately went astray.} ({The cooperative} 10... Nxc3 $6 {grants White an
advantage:} 11. bxc3 Qd5 12. e3 {, and White will continue to expand with c4
next.}) 11. e3 ({The point is of course that} 11. Kb1 $4 {is met by} Bf5+ 12.
Ka1 Ndb4 {, winning.}) 11... a5 12. h4 $2 {Topalov is too keen on attacking,
when he should have tried to realize his main plan of central expansion. This
very serious conceptual mistake leads to a very pleasant position for Black.} (
12. Kb1 $1 {, preparing e4, would have been a logical continuation of White's
opening strategy:} Ncb4 (12... Bf5+ 13. Bd3 Bxd3+ 14. Rxd3 {gives Black
nothing but trouble, since his counterplay has totally run out.}) 13. e4 $1 {
, and here Black is unable to play 13...Nxc3, but the computer comes up with
the astonishing} c6 $5 {A brilliant way to "defend" the knight on d5.
Unfortunately, it isn't clear what Black's next move will be, so now White can
consider} 14. h4 {, with the dual threats of h5 and Ng5.}) 12... Ncb4 13. h5 {
Consistent. White also had another option.} (13. Ng5 {The bishop on e6 is very
annoying for White, so it makes sense to drive it away. Unfortunately for
White, Black can provoke a crucial weakness with} Bg4 14. f3 ({After} 14. Rd2
f6 15. Nge4 c6 {, the position is pretty complicated, but it doesn't seem like
White has made much progress over the last few moves. Meanwhile, Black's
pressure on the queenside is extremely unpleasant.}) 14... Bc8 $1 {, and I'm
not sure exactly how White can deal with the weakness on e3, especially since
Black is also threatening ...f6. By the way, there is also the option of 14...
Nxe3, which follows a long line leading into an extremely complicated position
which is probably good for Black. But simpler is better!}) 13... c6 {Gata's
play makes good sense to me. He is securing his position and will prepare
counterplay with ...b5. On the other hand, I don't understand what White is
playing for.} 14. hxg6 hxg6 15. Rd2 $6 {An awkward move. I imagine Topalov
wanted to prevent ...Nxc3, but Black almost never wants to do that anyway,} ({
After} 15. Ng5 Bg4 16. Rd2 Kf8 {, Black has a good position. He just plans ...
Kg7.} (16... f6 {can be met by the bizarre} 17. e4 $5 Nc7 18. Qb3 fxg5 19. Be5
{, with weird complications. Let's avoid that.}) 17. e4 {is also met by} Kg7) (
{White should have tried} 15. Be2 {I still don't like White's position,
because Black's queenside play is very dangerous, but at least White needs the
option of doubling on the h-file to get some counterplay,} f6 ({I would rather
avoid} 15... b5 $6 16. Ng5 Nxc3 17. bxc3 Nxa2+ 18. Kc2 Bd5 19. Qc5 {, when
Black's knight is sadly trapped on a2 and will probably never get out,}) 16.
Ne4 b6 17. Rh2 Kf8 18. Rdh1 Kg7 {, and White has again run out of ideas. Black
can do whatever he wants on the queenside. A main idea would be to prepare ...
c5.}) 15... f6 {Calm positional play is the most unpleasant for White. Since
he could never achieve e4 or bother Black in any way, White is just clearly
worse now! The sad remnants of a strong opening novelty and failed strategy....
} 16. Ne4 (16. Kb1 {is always met by} Bf5+) 16... b6 17. Be2 Qc8 18. Rh4 Kf7 {
Everything according to plan. Black is slowly preparing ...c5. I can't even
criticize the move 18.Rh4, which just made it worse for White, because I can't
find any decent alternatives.} 19. Rd1 g5 {After good preparation all Black's
pieces are perfectly placed for the final breakthrough, which Gata executes in
model style!} 20. Rh2 g4 21. Nfd2 c5 22. dxc5 f5 {Of course, now White's king
will be under the combined attack of Black's entire army.} 23. Rxh6 (23. Nc3
Qxc5 {is obviously hopeless for White.}) 23... Rxh6 24. Ng5+ Kf8 {Now Black is
up material with an attack to boot. One could argue that the computer's
suggestion of 25.Nb3 could have prolonged the game, but it wouldn't have made
a real difference.} 25. Nxe6+ Qxe6 26. Bc4 Rc8 27. Bf4 Rf6 28. e4 Rxc5 29. exd5
Qxd5 30. b3 Qd4 31. Be3 (31. Qb2 Nd3+ {would have been a comical finish for a
queen stuck on a3 the whole game.}) 31... Qc3+ {An interesting game. Topalov
came prepared with a good novelty, but he didn't follow it up correctly. In
fact, it only took one mistake for White's position to go downhill – that's
how it works in these sharp lines. Kamsky, however, really played
fantastically the whole game, reacted calmly to the novelty and controlled the
game without allowing undue counterplay. A very well deserved win for him.} 0-1